| 000 | 00492 a2200181 4500 | ||
|---|---|---|---|
| 999 |
_c7415 _d7415 |
||
| 020 | _a9780421474703 | ||
| 050 | _aKF560 HAR 2006 | ||
| 100 |
_aHarpum, Charles _eauthor |
||
| 245 |
_aThe law of real proprty/ _cRobert Megarry |
||
| 250 | _a6th | ||
| 264 |
_aLondon : _bSweet and Maxwell, _c2000 |
||
| 300 |
_a1478p. _bill. |
||
| 500 | _aIncludes index, | ||
| 650 | _aProperty law | ||
| 700 |
_aWilliam Wade _eauthor |
||
| 700 |
_aRobert Megarry _eauthor |
||
| 942 |
_2lcc _cBK _e6th _h560 _iHAR _kKF |
||